ảnh hưởng của vôi trên lượng K hoán chuyển và sự tăng trưởng của bắp (Zea mays L.) trồng trên đất phù sa acid

Đã lưu trong:
Bibliografiske detaljer
Hovedforfatter: Cao Quốc Tuấn
Format: Bog
Sprog:Undetermined
Udgivet: Cần Thơ Viện Đại Học Cần Thơ - Đại Học Nông Nghiệp 1974
Fag:
Tags: Tilføj Tag
Ingen Tags, Vær først til at tagge denne postø!
Thư viện lưu trữ: Trung tâm Học liệu Trường Đại học Cần Thơ
LEADER 00731nam a2200181Ia 4500
001 CTU_33545
008 210402s9999 xx 000 0 und d
082 |a 633.15 
082 |b T502 
100 |a Cao Quốc Tuấn 
245 0 |a ảnh hưởng của vôi trên lượng K hoán chuyển và sự tăng trưởng của bắp (Zea mays L.) trồng trên đất phù sa acid 
245 0 |c Cao Quốc Tuấn 
260 |a Cần Thơ 
260 |b Viện Đại Học Cần Thơ - Đại Học Nông Nghiệp 
260 |c 1974 
650 |a corn, effect of soil acidity on,plants, effect of calcium on 
904 |i Minh, 991102 
980 |a Trung tâm Học liệu Trường Đại học Cần Thơ